Quiz Code Lyoko - Statistiques

Statistiques générales
  • Ce quiz a été pris 114 fois
  • Le résultat moyen est 3 sur 5
Statistiques - réponses
Question Réponse % Correct
Qui est XANA ? Un supercalculateur fou qui veut détruire la Terre
99%
Quel est le monstre de XANA le plus puissant ? Le Mégatank
89%
Qui est Aelita ? Une jeune humanoïde virtuelle, gardienne de Lyoko
77%
De combien de flèches laser dispose Odd ? 8
31%
Dans l'épisode "Problème d'image", qui est confronté(e) à son double ? Yumi
19%
Aucun quiz correspondant
Distribution des résultats
% des personnes avec chaque résultat
Percentile par nombre de réponses
Votre historique - résultats
Vous n’avez pas pris ce quiz